Italian Cities - Sudden Death - Statistics

General Stats
  • This quiz has been taken 120 times
  • The average score is 11 of 15
Answers on the Grid
Answers color-coded by a green-red scale on the quiz's grid according to % correct below.
Rome
Naples
Venice
Milan
Palermo
Sassari
Cagliari
Catania
Messina
Bologna
Perugia
Genoa
Turin
Verona
Trieste
Vatican City
Geneva
Serravelle
Zurich
Marseille
Ajaccio
Valletta
Tunis
Durres
Rijeka
Graz
Schaan
Lucerne
Bern
Lausanne
 
Answer Stats
Answer % Correct
Rome
87%
Milan
85%
Naples
83%
Venice
83%
Genoa
82%
Bologna
80%
Verona
80%
Palermo
75%
Turin
74%
Cagliari
69%
Messina
65%
Perugia
65%
Trieste
65%
Catania
63%
Sassari
49%
No matching quizzes found
Score Distribution
Percent of People with Each Score
Percentile by Number Answered
Your Score History
You have not taken this quiz